Women and tourism development (Record no. 28967)

MARC details
000 -LEADER
fixed length control field 00454nam a2200169Ia 4500
008 - FIXED-LENGTH DATA ELEMENTS--GENERAL INFORMATION
fixed length control field 230917s9999||||xx |||||||||||||| ||und||
020 ## - ISBN
Price RS1650
040 ## - CATALOGING SOURCE
-- 251562
Original cataloging agency VIVEKANANDA LIBRARY
041 ## - Language
-- English
082 ## - DDC NUMBER
Classification number 338.4791 C394W
100 ## - MAIN ENTRY--PERSONAL NAME
Personal name Chauhan, Vineeta
245 #0 - TITLE STATEMENT
Title Women and tourism development
260 ## - PUBLICATION, DISTRIBUTION, ETC. (IMPRINT)
Place of publication, distribution, etc Jaipur
Name of publisher, distributor, etc DND Publications
Date of publication, distribution, etc 2019
300 ## - PHYSICAL DESCRIPTION
Pages viii, 260 p.
500 ## - GENERAL NOTE
General note 3323 26/11/2018 UBC18/7535 05/12/2018 IHTM (SFS)
942 ## - ADDED ENTRY ELEMENTS (KOHA)
Koha item type Books
Holdings
Withdrawn status Lost status Damaged status Not for loan Location (home branch) Sublocation or collection (holding branch) Shelving location Date acquired Koha issues (times borrowed) Koha full call number Accession No. Koha date last seen Koha item type
        VIVEKANANDA LIBRARY VIVEKANANDA LIBRARY IHTM Library 21/12/2018   338.4791 C394W 386101 17/09/2023 Books
        VIVEKANANDA LIBRARY VIVEKANANDA LIBRARY IHTM Library 21/12/2018   338.4791 C394W 386102 17/09/2023 Books
© Designed and Maintained by Vivekananda Library, MDU Rohtak